000 00614nam a2200145 a 4500
001 000031122
005 20250502073820.0
008 110613s1983 dr 000 0 spa d
040 _aDO-SdBNP
_bspa
_cBNPHU
110 1 _aRepública Dominicana.
_bOficina Nacional de Administración y Personal
_926398
245 1 0 _aDiagnostico de la organización y funcionamiento de la Secretaría de Estado de Agricultura.
260 _aSanto Domingo :
_bONAP
_bSecretariado Técnico de la Presidencia,
_c1983.
300 _a16 p. ;
_c28 cm.
710 1 _aRepública Dominicana.
_bOficina Nacional de Administración y Personal
_926398
999 _c30614
_d30614